[Event "C.to Europeo U16 femminile"]
[Site "Budva SCG"]
[Date "2003.09.13"]
[Round "1"]
[White "Cherenkova, Kristina"]
[Black "De Rosa, Mariagrazia"]
[Result "1-0"]
[WhiteElo "2173"]
[BlackElo "1828"]
[PlyCount "67"]
[EventDate "2003.09.13"]

1. d4 Nf6 2. Nf3 e6 3. g3 b6 4. Bg2 Bb7 5. O-O Be7 6. c4 O-O 7. Nc3 Ne4 8. Qc2
Nxc3 9. Qxc3 f5 10. Rd1 Bf6 11. Bf4 d6 12. Qc1 h6 13. c5 Qe7 14. cxd6 cxd6 15.
Qc3 g5 16. Be3 Na6 17. Qd2 Rf7 18. Rac1 Rd8 19. b4 e5 20. dxe5 dxe5 21. Qxd8+
Qxd8 22. Rxd8+ Bxd8 23. Nxe5 Rg7 24. Rd1 Bf6 25. Nd7 Bxg2 26. Nxf6+ Kf7 27. Nh5
Rg8 28. Kxg2 Nxb4 29. a3 Nc2 30. Bc1 Kg6 31. g4 fxg4 32. Ng3 Rc8 33. Rd6+ Kh7
34. Bb2 1-0

[Event "C.to Europeo U16 femminile"]
[Site "Budva SCG"]
[Date "2003.09.15"]
[Round "3"]
[White "Majdan, Joanna"]
[Black "De Rosa, Mariagrazia"]
[Result "1-0"]
[WhiteElo "2170"]
[BlackElo "1828"]
[PlyCount "53"]
[EventDate "2003.09.13"]

1. e4 c5 2. Nf3 d6 3. d4 cxd4 4. Nxd4 Nf6 5. Nc3 a6 6. Be2 e6 7. O-O Nbd7 8. f4
b5 9. a3 Bb7 10. Bf3 Qc7 11. Kh1 Be7 12. Qe1 O-O 13. Bd2 Rfe8 14. Qg3 Bf8 15.
Rae1 Qc4 16. Nb3 Qc7 17. e5 Nd5 18. Nxd5 exd5 19. Bc3 dxe5 20. fxe5 a5 21. Bh5
Re7 22. Rxf7 Nc5 23. Nxc5 Rxf7 24. Bxf7+ Qxf7 25. e6 Qe7 26. Nxb7 Qxb7 27. e7
1-0

[Event "C.to Europeo U16 femminile"]
[Site "Budva SCG"]
[Date "2003.09.17"]
[Round "5"]
[White "De Rosa, Mariagrazia"]
[Black "Stojanovic, Andjelija"]
[Result "1-0"]
[WhiteElo "1828"]
[BlackElo "2170"]
[PlyCount "79"]
[EventDate "2003.09.13"]

1. e4 c5 2. Nf3 Nc6 3. d4 cxd4 4. Nxd4 Nf6 5. Nc3 e5 6. Ndb5 d6 7. Bg5 a6 8.
Na3 b5 9. Nd5 Be7 10. Bxf6 Bxf6 11. c3 O-O 12. Nc2 Rb8 13. h4 Be6 14. Nce3 Bxd5
15. exd5 Ne7 16. Bd3 b4 17. c4 Ng6 18. Be4 Re8 19. Qf3 Nf8 20. g4 g6 21. g5 Bg7
22. O-O-O b3 23. a3 Nd7 24. Rdg1 Nc5 25. h5 Qc7 26. Rg4 Rf8 27. hxg6 fxg6 28.
Qh3 Nxe4 29. Rxe4 Bh8 30. Rh4 Rf7 31. Qe6 Kf8 32. Rxh7 Rxh7 33. Rxh7 Qxh7 34.
Qxd6+ Qe7 35. Qxb8+ Kg7 36. d6 Qxg5 37. d7 Qg1+ 38. Kd2 Qxf2+ 39. Kd3 e4+ 40.
Kxe4 1-0

[Event "C.to Europeo U16 femminile"]
[Site "Budva SCG"]
[Date "2003.09.20"]
[Round "7"]
[White "De Rosa, Mariagrazia"]
[Black "Polagaeva, Ksenia"]
[Result "1-0"]
[WhiteElo "1828"]
[BlackElo "2192"]
[PlyCount "147"]
[EventDate "2003.09.13"]

1. e4 c6 2. d4 d5 3. Nc3 dxe4 4. Nxe4 Nd7 5. Bc4 e6 6. Ng5 Ngf6 7. Qe2 Nb6 8.
Bd3 h6 9. N5f3 c5 10. Be3 Qc7 11. Ne5 Bd6 12. Ngf3 Bd7 13. c3 Nbd5 14. O-O O-O
15. Rad1 Ba4 16. Rde1 cxd4 17. cxd4 Rac8 18. Bb1 a6 19. Rc1 Qe7 20. a3 Bb5 21.
Bd3 Bxd3 22. Nxd3 Nd7 23. Nfe5 N7b6 24. Nc5 Bxe5 25. dxe5 Nxe3 26. Qxe3 Nd5 27.
Qd4 Rfd8 28. b4 Rc6 29. Rcd1 Rdc8 30. f4 a5 31. Ne4 Rc4 32. Qd3 axb4 33. Nd6
Rc3 34. Nxc8 Qc7 35. Qd4 Qxc8 36. axb4 Ne3 37. Qd8+ Kh7 38. Qxc8 Rxc8 39. Rc1
Ra8 40. Rf3 Nd5 41. Rb1 Ra4 42. g3 b5 43. Rd3 Kg6 44. h3 Kf5 45. Kf2 Ke4 46.
Rd2 Nxb4 47. Re1+ Kf5 48. Rd7 Kg6 49. Kf3 Nd5 50. f5+ Kxf5 51. Rxf7+ Kg6 52.
Rb7 Ra3+ 53. Kg2 b4 54. Rb1 Re3 55. Rf1 Re2+ 56. Kg1 Rxe5 57. Rff7 Re3 58.
Rxg7+ Kf5 59. Kf2 b3 60. Rb5 Rc3 61. Rgb7 Rc2+ 62. Ke1 Rc1+ 63. Ke2 Rc2+ 64.
Kd3 Rh2 65. Rxb3 Rxh3 66. Kd4 Rh1 67. Kc5 Ke4 68. Kd6 e5 69. Rb1 Rxb1 70. Rxb1
Ne3 71. Ke6 Ng4 72. Rb3 h5 73. Ra3 Ne3 74. Kf6 1-0

[Event "C.to Europeo U16 femminile"]
[Site "Budva SCG"]
[Date "2003.09.21"]
[Round "8"]
[White "Vasiliev, Olga"]
[Black "De Rosa, Mariagrazia"]
[Result "1-0"]
[WhiteElo "2188"]
[BlackElo "1828"]
[PlyCount "47"]
[EventDate "2003.09.13"]

1. e4 c5 2. Nf3 d6 3. d4 cxd4 4. Nxd4 Nf6 5. Nc3 a6 6. f4 e6 7. Bd3 Qc7 8. O-O
b5 9. Kh1 Bb7 10. Qe1 Nbd7 11. Nf3 b4 12. Nd1 d5 13. e5 Ne4 14. Ne3 Bc5 15. Ng4
h5 16. Ne3 Be7 17. Nd4 g6 18. Bd2 Nxd2 19. Qxd2 Bc5 20. c3 Ke7 21. f5 gxf5 22.
Nexf5+ exf5 23. Qg5+ Kf8 24. Qxf5 1-0

[Event "C.to Europeo U16 femminile"]
[Site "Budva SCG"]
[Date "2003.09.22"]
[Round "9"]
[White "De Rosa, Mariagrazia"]
[Black "Iodo, Anna"]
[Result "1-0"]
[WhiteElo "1828"]
[BlackElo "2162"]
[PlyCount "61"]
[EventDate "2003.09.13"]

1. e4 c5 2. Nf3 Nc6 3. d4 cxd4 4. Nxd4 g6 5. Nc3 Bg7 6. Be3 Nf6 7. Nxc6 bxc6 8.
e5 Nd5 9. Nxd5 cxd5 10. Qxd5 Rb8 11. Bc4 O-O 12. O-O-O d6 13. Bxa7 Be6 14. Qd3
Bf5 15. Qe3 Rb4 16. Bb3 Bxe5 17. g3 Qc7 18. Bd4 Bxc2 19. Bxc2 Rc8 20. Bc3 Bxc3
21. bxc3 Rc4 22. Rd3 Qa5 23. Kd2 d5 24. Qe5 R4c5 25. Rb1 d4 26. Qxd4 e5 27. Qa4
Qc7 28. Rd7 Rd8 29. Rxd8+ Qxd8+ 30. Ke2 Rxc3 31. Kf1 1-0